[Event "DEN-ch sf1"]
[Site "Svendborg"]
[Date "2024.03.29"]
[Round "3"]
[White "Jarlskov, Daniel Tuk Hartso"]
[Black "Sandmann, Villads Majvang"]
[Result "1/2-1/2"]
[WhiteElo "2130"]
[BlackElo "1983"]
[PlyCount "172"]
[EventDate "2024.03.29"]
[EventType "swiss"]
[EventRounds "7"]
[EventCountry "DEN"]
[SourceTitle "CB16_2024"]
[SourceDate "2024.04.17"]
[SourceVersion "1"]
[SourceVersionDate "2024.04.17"]
[SourceQuality "1"]

1. d4 Nf6 2. c4 e6 3. Nf3 b6 4. g3 Ba6 5. Qa4 Bb7 6. Bg2 c5 7. 0-0 cxd4 8. Nxd4 Bxg2 9. Kxg2 Bc5 10. Nb5 Nc6 11. Bf4 0-0 12. N1c3 a6 13. Nd6 Nh5 14. Nde4 Nxf4+ 15. gxf4 Qh4 16. e3 Qg4+ 17. Ng3 f5 18. Qd1 Qxd1 19. Raxd1 Rfd8 20. Na4 Kf7 21. Nxc5 bxc5 22. Rd2 Ke7 23. Rfd1 g6 24. Ne2 d6 25. Ng1 Rd7 26. Nf3 Rad8 27. h4 h5 28. Ne1 d5 29. cxd5 Rxd5 30. Rxd5 exd5 31. Rc1 Kd6 32. Nf3 Rb8 33. b3 d4 34. Kf1 Kd5 35. Ke2 a5 36. Ne5 Nxe5 37. fxe5 a4 38. bxa4 Rb2+ 39. Kf3 Rxa2 40. e6 Kxe6 41. Rxc5 dxe3 42. Rc6+ Kf7 43. Rc7+ Kf6 44. Rc6+ Kg7 45. Rc7+ Kh6 46. fxe3 Rxa4 47. Kg3 Rg4+ 48. Kh3 Re4 49. Rc3 Kg7 50. Ra3 Kf7 51. Ra7+ Ke8 52. Ra3 Kd7 53. Kg3 Kc7 54. Rb3 Kc6 55. Ra3 Rg4+ 56. Kh3 Kd5 57. Ra8 Ke4 58. Re8+ Kf3 59. Re6 Kf2 60. Ra6 Kxe3 61. Rb6 Kd4 62. Ra6 Ke4 63. Ra4+ Ke5 64. Ra6 f4 65. Ra5+ Kf6 66. Ra6+ Kg7 67. Ra7+ Kh6 68. Rf7 Rg3+ 69. Kh2 Rg4 70. Kh3 Rg1 71. Rxf4 Kg7 72. Rf2 Ra1 73. Rf3 Ra5 74. Rb3 Kf6 75. Rf3+ Rf5 76. Ra3 Ke5 77. Ra5+ Kf6 78. Ra6+ Kg7 79. Ra7+ Kh6 80. Ra3 Re5 81. Rb3 Kg7 82. Rf3 Re6 83. Kg3 Re5 84. Kh3 Rf5 85. Ra3 Kf6 86. Ra6+ Kg7 1/2-1/2

[Event "DEN-ch sf1"]
[Site "Svendborg"]
[Date "2024.03.29"]
[Round "5"]
[White "Jarlskov, Daniel Tuk Hartso"]
[Black "Thuesen, Mogens Henrik"]
[Result "0-1"]
[WhiteElo "2130"]
[BlackElo "2158"]
[PlyCount "58"]
[EventDate "2024.03.29"]
[EventType "swiss"]
[EventRounds "7"]
[EventCountry "DEN"]
[SourceTitle "CB16_2024"]
[SourceDate "2024.04.17"]
[SourceVersion "1"]
[SourceVersionDate "2024.04.17"]
[SourceQuality "1"]

1. d4 Nf6 2. c4 e6 3. Nf3 c5 4. d5 b5 5. dxe6 fxe6 6. cxb5 d5 7. e3 Bd6 8. Be2 0-0 9. 0-0 a6 10. bxa6 Nxa6 11. Nc3 Bb7 12. b3 e5 13. Nb5 e4 14. Ne1 Be5 15. Rb1 Qb8 16. g3 Nc7 17. a4 Nxb5 18. Bxb5 Qc8 19. Be2 Qh3 20. f4 exf3 21. Bxf3 Ng4 22. Qc2 Ba6 23. Rf2 Bxg3 24. Bxg4 Bxf2+ 25. Qxf2 Qxg4+ 26. Qg3 Qxg3+ 27. hxg3 Rf1+ 28. Kg2 Rxe1 29. Ba3 Rxb1 0-1

[Event "DEN-ch sf1"]
[Site "Svendborg"]
[Date "2024.03.29"]
[Round "6"]
[White "Nielsen Refs, Karl Emil Elmer"]
[Black "Jarlskov, Daniel Tuk Hartso"]
[Result "1-0"]
[WhiteElo "2067"]
[BlackElo "2130"]
[PlyCount "139"]
[EventDate "2024.03.29"]
[EventType "swiss"]
[EventRounds "7"]
[EventCountry "DEN"]
[SourceTitle "CB16_2024"]
[SourceDate "2024.04.17"]
[SourceVersion "1"]
[SourceVersionDate "2024.04.17"]
[SourceQuality "1"]

1. d4 d5 2. c4 e6 3. Nc3 c5 4. cxd5 exd5 5. Nf3 Nc6 6. e3 Nf6 7. Bb5 a6 8. Bxc6+ bxc6 9. Qa4 Qb6 10. 0-0 Be7 11. dxc5 Bxc5 12. b3 0-0 13. Bb2 Bd6 14. Rac1 Bd7 15. Rfd1 Rfe8 16. Qh4 Ne4 17. Ng5 Nxg5 18. Qxg5 Qd8 19. Qxd8 Raxd8 20. Na4 Re4 21. Rd4 f5 22. Rxe4 fxe4 23. Bd4 Rb8 24. Ba7 Rb7 25. Bc5 Bc7 26. Nc3 Kf7 27. Nb1 Ba5 28. Rd1 Rb5 29. Ba3 Bg4 30. Rd4 Ke6 31. Kf1 h6 32. h3 Bh5 33. g4 Bg6 34. Ra4 c5 35. Bb2 Kf7 36. Na3 Rb7 37. Rxa5 c4 38. Bd4 cxb3 39. axb3 h5 40. Rxa6 hxg4 41. hxg4 Rxb3 42. Nc2 Rb1+ 43. Kg2 Rb7 44. Kg3 Bh7 45. Ra7 Rxa7 46. Bxa7 g5 47. Nd4 Ke7 48. Ne2 Kd6 49. Ng1 Ke6 50. Nh3 Kf6 51. Bb6 Bg6 52. Bd8+ Ke5 53. Bb6 Be8 54. Bd4+ Kd6 55. Nxg5 Ba4 56. Kf4 Bd1 57. Nh7 Ke6 58. g5 Bh5 59. g6 Bxg6 60. Nf8+ Kf7 61. Nxg6 Kxg6 62. Ke5 Kf7 63. Kxd5 Ke7 64. Kxe4 Kd8 65. f4 Ke7 66. f5 Kf7 67. f6 Kf8 68. Kf5 Ke8 69. Ke6 Kf8 70. Bc5+ 1-0

[Event "DEN-ch sf1"]
[Site "Svendborg"]
[Date "2024.03.29"]
[Round "2"]
[White "Perets, Dmitry"]
[Black "Jarlskov, Daniel Tuk Hartso"]
[Result "1-0"]
[WhiteElo "2137"]
[BlackElo "2130"]
[PlyCount "99"]
[EventDate "2024.03.29"]
[EventType "swiss"]
[EventRounds "7"]
[EventCountry "DEN"]
[SourceTitle "CB16_2024"]
[SourceDate "2024.04.17"]
[SourceVersion "1"]
[SourceVersionDate "2024.04.17"]
[SourceQuality "1"]

1. Nf3 d5 2. c4 c6 3. d4 Nf6 4. e3 e6 5. Nbd2 Bd6 6. Bd3 Nbd7 7. e4 e5 8. 0-0 0-0 9. cxd5 cxd5 10. Re1 h6 11. exd5 exd4 12. Ne4 Nxe4 13. Bxe4 Nf6 14. Qxd4 b6 15. b4 a5 16. bxa5 Rxa5 17. Bb2 Bb7 18. Bc3 Ra8 19. Rad1 Rxa2 20. Qc4 Ra8 21. Ne5 Nxe4 22. Qxe4 Re8 23. Qg4 Qc8 24. Qd4 Bc5 25. Qf4 Rf8 26. Qg3 f6 27. Ng6 Rf7 28. d6 Qd7 29. Ne7+ Kh8 30. Ng6+ Kg8 31. Ne7+ Kh8 32. Qg6 Rff8 33. Bd2 Qe8 34. Qg3 Kh7 35. Qd3+ f5 36. Qg3 Qf7 37. h4 Be4 38. Bc3 Ra2 39. Bd4 Bxd4 40. Rxd4 Qf6 41. Rdd1 Rd8 42. h5 f4 43. Qb3 Rb2 44. Qc4 Ba8 45. Qd3+ Kh8 46. Ng6+ Kg8 47. d7 Bc6 48. Ne7+ Kh8 49. Nxc6 Qxc6 50. Qg6 1-0

[Event "Copenhagen Obro CXU New Year op"]
[Site "Copenhagen"]
[Date "2023.12.27"]
[Round "1"]
[White "Slavensky, Asbjorn Vesterkar"]
[Black "Jarlskov, Daniel Tuk Hartso"]
[Result "0-1"]
[WhiteElo "1808"]
[BlackElo "2088"]
[PlyCount "128"]
[EventDate "2023.12.27"]
[EventType "swiss"]
[EventRounds "7"]
[EventCountry "DEN"]
[SourceTitle "CB01_2024"]
[SourceDate "2024.01.03"]
[SourceVersion "1"]
[SourceVersionDate "2024.01.03"]
[SourceQuality "1"]

1. d4 d5 2. c4 e6 3. Nf3 Nf6 4. g3 Be7 5. Bg2 0-0 6. 0-0 dxc4 7. Na3 Bxa3 8. bxa3 Nc6 9. Qc2 Nxd4 10. Nxd4 Qxd4 11. Be3 Qe5 12. Qxc4 c6 13. Rfd1 Nd5 14. Bd4 Qc7 15. Bc5 Rd8 16. Qh4 b6 17. Bd4 Bb7 18. e4 Ne7 19. Be5 Qxe5 20. Qxe7 Rdb8 21. Rac1 Qf6 22. Qxf6 gxf6 23. Rd7 c5 24. Rcd1 Bc6 25. Rc7 Rc8 26. Rxc6 Rxc6 27. e5 Rac8 28. Bxc6 Rxc6 29. exf6 h6 30. f4 Kh7 31. Kf2 Kg6 32. Ke3 b5 33. Rc1 Kxf6 34. Ke4 Ra6 35. Rxc5 Ra4+ 36. Kf3 Rxa3+ 37. Kg4 b4 38. Rc4 a5 39. Rc2 Kg6 40. Rb2 Rc3 41. Kh4 Re3 42. Kg4 f5+ 43. Kh4 e5 44. fxe5 Re4+ 45. Kh3 Rxe5 46. Kg2 Re3 47. Kf2 Rc3 48. Kg2 Kf6 49. Re2 a4 50. Rb2 b3 51. axb3 axb3 52. Kh3 Kg5 53. Rb1 h5 54. Kg2 h4 55. Rf1 hxg3 56. hxg3 b2 57. Rb1 Rc2+ 58. Kf3 Rc3+ 59. Kf2 Rb3 60. Kg2 Kg4 61. Kf2 Rf3+ 62. Ke1 Re3+ 63. Kf2 Rb3 64. Ke2 Rxg3 0-1

[Event "Gothenburg Kvibergspelen"]
[Site "Gothenburg"]
[Date "2023.09.16"]
[Round "5"]
[White "Nygren, Kim"]
[Black "Jarlskov, Daniel Tuk Hartso"]
[Result "1/2-1/2"]
[WhiteElo "2171"]
[BlackElo "2038"]
[PlyCount "100"]
[EventDate "2023.09.15"]
[EventType "swiss"]
[EventRounds "8"]
[EventCountry "SWE"]
[SourceTitle "EXT 2024"]
[Source "ChessBase"]
[SourceDate "2023.10.10"]
[SourceVersion "1"]
[SourceVersionDate "2023.10.10"]
[SourceQuality "1"]

1. e4 c6 2. d4 d5 3. exd5 cxd5 4. Bd3 Nc6 5. c3 Nf6 6. h3 e6 7. Nf3 h6 8. 0-0 Bd6 9. Re1 Qc7 10. Nbd2 0-0 11. Qe2 Nd7 12. Nf1 e5 13. dxe5 Ndxe5 14. Bc2 Be6 15. Nd4 Nxd4 16. cxd4 Nd7 17. Qd3 Nf6 18. Bd2 Rac8 19. Rac1 Qd7 20. Qf3 Ne4 21. Bxe4 dxe4 22. Qxe4 Bxa2 23. Ne3 Bb8 24. Bc3 Rfd8 25. Nf5 Be6 26. Nxg7 Bd5 27. Nh5 Bxe4 28. Nf6+ Kg7 29. Nxd7 Bd5 30. Nxb8 Rxb8 31. Ra1 a6 32. Ra5 Rd6 33. Re5 Rbd8 34. Bb4 R6d7 35. Be7 Re8 36. Bf6+ Kxf6 37. Rxe8 Bc6 38. g4 Rxd4 39. Rf5+ Kg7 40. Re7 Bd5 41. Kh2 Be6 42. Rf3 b5 43. Ra7 Rb4 44. Rxa6 Rxb2 45. Kg3 b4 46. Rb6 b3 47. Rf4 Rc2 48. Rfb4 Rc3+ 49. Kg2 Bd5+ 50. Kh2 Rc2 1/2-1/2

[Event "DEN-ch Blitz op"]
[Site "Avedore"]
[Date "2023.05.14"]
[Round "11"]
[White "Jarlskov, Daniel Tuk Hartso"]
[Black "Ostergaard, Jens"]
[Result "1-0"]
[WhiteElo "2133"]
[BlackElo "2278"]
[PlyCount "87"]
[EventDate "2023.05.14"]
[EventType "swiss (blitz)"]
[EventRounds "13"]
[EventCountry "DEN"]
[SourceTitle "CBM 214 Extra"]
[Source "ChessBase"]
[SourceDate "2023.07.31"]
[SourceVersion "1"]
[SourceVersionDate "2023.07.31"]
[SourceQuality "1"]

1. d4 Nf6 2. c4 g6 3. h4 h5 4. Nc3 Bg7 5. Nf3 d6 6. e4 0-0 7. Be2 e5 8. Bg5 Qe8 9. Bxf6 Bxf6 10. Nd5 Bd8 11. Ng5 f6 12. Nf3 c6 13. Nc3 Na6 14. a3 exd4 15. Qxd4 Nc5 16. Qxd6 Nxe4 17. Nxe4 Qxe4 18. Qd3 Bf5 19. Qxe4 Bxe4 20. 0-0 f5 21. Ng5 Bf6 22. Nxe4 fxe4 23. Rab1 Rfd8 24. Rfd1 Kf7 25. g3 Ke6 26. b4 Bd4 27. Kg2 b6 28. Re1 Bc3 29. Red1 Bd4 30. g4 hxg4 31. Bxg4+ Ke5 32. Kg3 Rf8 33. Rd2 c5 34. bxc5 bxc5 35. Rb7 e3 36. fxe3 Bxe3 37. Re7+ Kf6 38. Rxe3 Rad8 39. Re6+ Kg7 40. Red6 Rb8 41. Rd7+ Kh6 42. R7d6 Rb3+ 43. R2d3 Rb2 44. h5 1-0

[Event "Copenhagen Bronshoj-ch"]
[Site "Copenhagen"]
[Date "2023.04.27"]
[Round "6"]
[White "Thuesen, Mogens Henrik"]
[Black "Jarlskov, Daniel Tuk Hartso"]
[Result "0-1"]
[WhiteElo "2143"]
[BlackElo "2023"]
[PlyCount "82"]
[EventDate "2023.03.09"]
[EventType "tourn"]
[EventRounds "9"]
[EventCountry "DEN"]
[SourceTitle "EXT 2024"]
[Source "ChessBase"]
[SourceDate "2023.10.10"]
[SourceVersion "1"]
[SourceVersionDate "2023.10.10"]
[SourceQuality "1"]

1. d4 d5 2. Nf3 Nf6 3. g3 e6 4. Bg2 Be7 5. 0-0 0-0 6. c4 dxc4 7. Na3 c5 8. Nxc4 Nc6 9. dxc5 Bxc5 10. Nfe5 Nxe5 11. Nxe5 Nd5 12. e4 Nf6 13. Bf4 Qxd1 14. Rfxd1 b6 15. Bg5 Ba6 16. Bxf6 gxf6 17. Nd7 Rfd8 18. Nxf6+ Kh8 19. e5 Rac8 20. Be4 Bd4 21. Nxh7 Bxb2 22. Ng5 Kg7 23. Rab1 Bxe5 24. Kg2 Bc4 25. a4 Ba2 26. Rbc1 Rxc1 27. Rxd8 Bf6 28. Rd2 Bb3 29. h4 Bxa4 30. Nh3 Bc6 31. Bxc6 Rxc6 32. Rd7 a5 33. Ra7 e5 34. Kf3 Rc4 35. Ke3 a4 36. f4 b5 37. Kd3 e4+ 38. Ke2 Bd4 39. Ra5 Rc2+ 40. Kd1 Rb2 41. Ng5 e3 0-1

[Event "DEN-ch cand"]
[Site "Svendborg"]
[Date "2023.04.05"]
[Round "4"]
[White "Jarlskov, Daniel Tuk Hartso"]
[Black "De Vleeschauwer, Maarten"]
[Result "0-1"]
[WhiteElo "2073"]
[BlackElo "2256"]
[PlyCount "72"]
[EventDate "2023.04.05"]
[EventType "swiss"]
[EventRounds "7"]
[EventCountry "DEN"]
[SourceTitle "CBM 213 Extra"]
[Source "ChessBase"]
[SourceDate "2023.05.31"]
[SourceVersion "1"]
[SourceVersionDate "2023.05.31"]
[SourceQuality "1"]

1. d4 d5 2. c4 c6 3. Nf3 Nf6 4. Nc3 e6 5. Bg5 dxc4 6. e4 b5 7. e5 h6 8. Bh4 g5 9. Nxg5 hxg5 10. Bxg5 Nbd7 11. g3 Bb7 12. exf6 Qb6 13. Bg2 0-0-0 14. 0-0 c5 15. d5 b4 16. Na4 Qb5 17. a3 Nb8 18. axb4 cxb4 19. Qg4 Bxd5 20. Rfd1 Nc6 21. Bf4 Bxg2 22. Rxd8+ Kxd8 23. Kxg2 Qd5+ 24. f3 Qd3 25. h4 Nd4 26. Bb8 Qe2+ 27. Kh3 Nxf3 28. Rh1 Ke8 29. Bc7 Rh6 30. Qf4 Rh5 31. Rd1 Qxd1 32. Ba5 Qh1+ 33. Kg4 Rxh4+ 34. gxh4 Qg2+ 35. Qg3 Nh2+ 36. Kf4 Bd6+ 0-1

[Event "DEN-ch cand"]
[Site "Svendborg"]
[Date "2023.04.05"]
[Round "7"]
[White "Jarlskov, Daniel Tuk Hartso"]
[Black "Medhus, Vitus Bondo"]
[Result "0-1"]
[WhiteElo "2073"]
[BlackElo "2097"]
[PlyCount "144"]
[EventDate "2023.04.05"]
[EventType "swiss"]
[EventRounds "7"]
[EventCountry "DEN"]
[SourceTitle "CBM 213 Extra"]
[Source "ChessBase"]
[SourceDate "2023.05.31"]
[SourceVersion "1"]
[SourceVersionDate "2023.05.31"]
[SourceQuality "1"]

1. d4 Nf6 2. c4 c5 3. d5 b5 4. cxb5 a6 5. bxa6 g6 6. Nc3 Bxa6 7. e4 Bxf1 8. Kxf1 d6 9. g3 Bg7 10. Bg5 0-0 11. Qd2 Qb6 12. Nge2 Nbd7 13. Kg2 Rfb8 14. Rab1 Ne8 15. h4 Ne5 16. b3 h5 17. Rhc1 Qb4 18. Qc2 Kf8 19. a4 Nc7 20. Bd2 Qb7 21. Na2 Nxd5 22. b4 cxb4 23. Bxb4 Nxb4 24. Rxb4 Qd7 25. Rxb8+ Rxb8 26. a5 Bf6 27. a6 Ra8 28. Nb4 Kg7 29. Nf4 e6 30. Nfd3 Qb5 31. Nxe5 Qxb4 32. Qc6 Ra7 33. Nd7 Qa3 34. Nb8 Bd4 35. Rc2 Bc5 36. Qb5 Ra8 37. Qb7 Ra7 38. Qb5 Ra8 39. Qb7 Ra7 40. Qb1 Qa4 41. Ra2 Qe8 42. Rb2 Qa4 43. Qd3 Rc7 44. e5 dxe5 45. Rb7 Rxb7 46. axb7 Qa7 47. Qb5 Qxb8 48. Qxc5 Qxb7+ 49. Kh2 Qd5 50. Qc7 Qd4 51. Kg2 e4 52. Qf4 Qd5 53. Kh2 Qf5 54. Qd2 Kh7 55. Kg1 Qf3 56. Kh2 e5 57. Qe1 Qd3 58. Kg2 Qf3+ 59. Kh2 Kg7 60. Qd2 Qg4 61. Qb2 Qf5 62. Qd2 Qe6 63. Kg2 f5 64. Qc1 Qe7 65. Qe3 Qb7 66. Kh2 Kh7 67. Qc3 Qe7 68. Qc4 Kh6 69. Qc1+ f4 70. Qc4 Qb7 71. Qe6 Qb2 72. Kg2 e3 0-1

[Event "DEN-ch cand"]
[Site "Svendborg"]
[Date "2023.04.05"]
[Round "5"]
[White "Thogersen, Rasmus"]
[Black "Jarlskov, Daniel Tuk Hartso"]
[Result "1/2-1/2"]
[WhiteElo "2365"]
[BlackElo "2073"]
[PlyCount "140"]
[EventDate "2023.04.05"]
[EventType "swiss"]
[EventRounds "7"]
[EventCountry "DEN"]
[SourceTitle "CBM 213 Extra"]
[Source "ChessBase"]
[SourceDate "2023.05.31"]
[SourceVersion "1"]
[SourceVersionDate "2023.05.31"]
[SourceQuality "1"]

1. e4 c6 2. d4 d5 3. exd5 cxd5 4. Nf3 Nc6 5. Bb5 Bg4 6. h3 Bxf3 7. Qxf3 e6 8. 0-0 Nf6 9. c3 a6 10. Bd3 Be7 11. Bf4 0-0 12. Nd2 b5 13. a3 Qb6 14. Qe2 Rfe8 15. Nf3 Na5 16. Ne5 Nc4 17. Rfe1 Nxe5 18. Bxe5 Nd7 19. Qc2 g6 20. Bf4 Bd6 21. Bg5 Be7 22. Bf4 Bd6 23. Qd2 Qc7 24. Bh6 e5 25. dxe5 Nxe5 26. Be2 Rad8 27. Qd4 Bc5 28. Qf4 Qb6 29. b4 Bf8 30. Bxf8 Kxf8 31. Bxb5 axb5 32. Rxe5 Rxe5 33. Qxe5 f6 34. Qe2 Re8 35. Qd3 Re5 36. a4 bxa4 37. Rxa4 Re1+ 38. Kh2 Qxf2 39. Qd4 Qxd4 40. cxd4 Rd1 41. b5 Rb1 42. Ra5 Ke7 43. Ra7+ Ke6 44. Rxh7 Rxb5 45. Rh4 g5 46. Rg4 Rb4 47. Kg3 Kf5 48. Kh2 Ra4 49. Kg1 Kg6 50. Kf2 f5 51. Rg3 Rxd4 52. Ra3 Kf6 53. Ra8 g4 54. hxg4 Rxg4 55. Kf3 Re4 56. g3 d4 57. Rb8 Ke6 58. Rb6+ Ke5 59. Rb5+ Kf6 60. Rd5 Kg5 61. Rd8 Re3+ 62. Kf2 Rd3 63. Ke2 Rxg3 64. Rxd4 f4 65. Kf2 Re3 66. Rd8 Re5 67. Rg8+ Kf5 68. Ra8 Rd5 69. Rf8+ Ke4 70. Re8+ Re5 1/2-1/2

[Event "Copenhagen Bronshoj-ch"]
[Site "Copenhagen"]
[Date "2023.03.23"]
[Round "3"]
[White "Jarlskov, Daniel Tuk Hartso"]
[Black "Jensen, Thore Nyboe"]
[Result "1-0"]
[WhiteElo "2023"]
[BlackElo "2039"]
[PlyCount "69"]
[EventDate "2023.03.09"]
[EventType "tourn"]
[EventRounds "9"]
[EventCountry "DEN"]
[SourceTitle "EXT 2024"]
[Source "ChessBase"]
[SourceDate "2023.10.10"]
[SourceVersion "1"]
[SourceVersionDate "2023.10.10"]
[SourceQuality "1"]

1. d4 d5 2. c4 e6 3. Nf3 Nf6 4. g3 c6 5. Bg2 Bd6 6. 0-0 Nbd7 7. Bf4 Qc7 8. Bxd6 Qxd6 9. Nc3 0-0 10. a4 b6 11. a5 Ba6 12. axb6 axb6 13. cxd5 exd5 14. Re1 Rfe8 15. e4 dxe4 16. Ng5 Bd3 17. Qb3 Nd5 18. Rxa8 Rxa8 19. Ncxe4 Bxe4 20. Bxe4 N7f6 21. Bg2 h6 22. Nf3 Qb4 23. Qxb4 Nxb4 24. Rc1 Ra2 25. Ne5 Rxb2 26. Nxc6 Nxc6 27. Bxc6 Rd2 28. Rb1 Rxd4 29. Rxb6 Kf8 30. Kg2 Nd7 31. Ra6 Ke7 32. Ba4 Nc5 33. Ra7+ Ke6 34. Bb5 Rd8 35. Bc4+ 1-0

[Event "Nordsjalland Weekend op-B"]
[Site "Allerod"]
[Date "2023.01.07"]
[Round "2"]
[White "Jarlskov, Daniel Tuk Hartso"]
[Black "Koch Mueller, Oscar"]
[Result "0-1"]
[WhiteElo "2040"]
[BlackElo "2042"]
[PlyCount "138"]
[EventDate "2023.01.06"]
[EventType "swiss"]
[EventRounds "5"]
[EventCountry "DEN"]
[SourceTitle "EXT 2024"]
[Source "ChessBase"]
[SourceDate "2023.10.10"]
[SourceVersion "1"]
[SourceVersionDate "2023.10.10"]
[SourceQuality "1"]

1. d4 Nf6 2. c4 e6 3. Nf3 b6 4. g3 Ba6 5. Qc2 c5 6. Bg2 Nc6 7. 0-0 Be7 8. Rd1 cxd4 9. Qa4 Bb7 10. Nxd4 Qc8 11. Nc3 Nxd4 12. Rxd4 Bxg2 13. Kxg2 0-0 14. Bg5 h6 15. Bxf6 Bxf6 16. Rxd7 b5 17. Qxb5 Rb8 18. Qa4 Rxb2 19. Ne4 Qa8 20. c5 Rxe2 21. c6 Bxa1 22. Rxa7 Rxe4 23. Rxa8 Rxa4 24. Rxa4 Rc8 25. Ra6 Kf8 26. f4 Rc7 27. Kf3 Ke7 28. a4 Kd6 29. a5 Rxc6 30. Ra7 Rc7 31. Ra8 Bd4 32. Ke4 Bg1 33. h3 Ra7 34. Rb8 Rxa5 35. Rb1 f5+ 36. Kf3 Ra3+ 37. Kg2 Bd4 38. g4 fxg4 39. hxg4 Kd5 40. Rb5+ Ke4 41. f5 e5 42. Rb7 Ra7 43. Rb1 Kf4 44. Kh3 Kg5 45. Rb3 Rc7 46. Rb1 Rc3+ 47. Kh2 Kxg4 48. f6 Rh3+ 49. Kg2 Rg3+ 50. Kh2 gxf6 51. Rb7 Bg1+ 52. Kh1 Kh3 53. Rh7 Rg6 54. Rg7 Rg5 55. Rg6 h5 56. Rxf6 Bd4 57. Rf3+ Kg4 58. Rf8 Rf5 59. Rg8+ Kf4 60. Rd8 Ke3 61. Ra8 e4 62. Ra3+ Kd2 63. Ra2+ Kd1 64. Ra4 Rd5 65. Kg2 e3 66. Kf3 e2 67. Ke4 e1Q+ 68. Kxd5 Qe5+ 69. Kc4 Qc5+ 0-1

[Event "Copenhagen Obro New Year op"]
[Site "Copenhagen"]
[Date "2022.12.30"]
[Round "7"]
[White "Meskenas, Paulius"]
[Black "Jarlskov, Daniel Tuk Hartso"]
[Result "1/2-1/2"]
[WhiteElo "2073"]
[BlackElo "2020"]
[PlyCount "44"]
[EventDate "2022.12.27"]
[EventType "swiss"]
[EventRounds "7"]
[EventCountry "DEN"]
[SourceTitle "CBM 211 Extra"]
[Source "ChessBase"]
[SourceDate "2023.01.31"]
[SourceVersion "1"]
[SourceVersionDate "2023.01.31"]
[SourceQuality "1"]

1. e4 c6 2. d4 d5 3. e5 c5 4. Nf3 Nc6 5. Be2 Bg4 6. c3 cxd4 7. cxd4 e6 8. Nbd2 Nge7 9. 0-0 Nf5 10. Nb3 Be7 11. h3 Bxf3 12. Bxf3 0-0 13. Bg4 g6 14. Bxf5 exf5 15. Qf3 a5 16. a4 Nb4 17. Bd2 b6 18. Rac1 Qd7 19. Ra1 Nc2 20. Rac1 Nb4 21. Ra1 Nc2 22. Rac1 Nb4 1/2-1/2

[Event "EU-ch U16 30th"]
[Site "Antalya"]
[Date "2022.11.11"]
[Round "6"]
[White "Sahakyan, Aleks"]
[Black "Jarlskov, Daniel Tuk Hartso"]
[Result "1-0"]
[WhiteElo "2331"]
[BlackElo "2133"]
[PlyCount "69"]
[EventDate "2022.11.06"]
[EventType "swiss"]
[EventRounds "9"]
[EventCountry "TUR"]
[SourceTitle "EXT 2024"]
[Source "ChessBase"]
[SourceDate "2023.10.10"]
[SourceVersion "1"]
[SourceVersionDate "2023.10.10"]
[SourceQuality "1"]

1. d4 d5 2. c4 e6 3. Nf3 Nf6 4. Nc3 c5 5. e3 Nc6 6. a3 a6 7. dxc5 Bxc5 8. b4 Ba7 9. Bb2 0-0 10. Qc2 dxc4 11. Bxc4 b5 12. Bd3 Ne7 13. Rd1 Qc7 14. Ne4 Qxc2 15. Nxf6+ gxf6 16. Bxc2 f5 17. Ne5 f6 18. Nd7 Bxd7 19. Rxd7 Kf7 20. Bd1 Rfe8 21. Rb7 Reb8 22. Bh5+ Kf8 23. Rxb8+ Rxb8 24. Bxf6 Nd5 25. Be5 Rc8 26. 0-0 Bb8 27. Bxb8 Rxb8 28. Rc1 Nb6 29. Rc7 Rc8 30. Rf7+ Kg8 31. g4 Rc3 32. Rb7 Nc4 33. Bf7+ Kf8 34. Bxe6 Rxa3 35. gxf5 1-0

[Event "Odense-ch"]
[Site "Odense"]
[Date "2022.10.14"]
[Round "4"]
[White "Jarlskov, Daniel Tuk Hartso"]
[Black "Nilssen, Ellen Fredericia"]
[Result "1/2-1/2"]
[WhiteElo "2177"]
[BlackElo "2171"]
[PlyCount "109"]
[EventDate "2022.10.14"]
[EventType "swiss"]
[EventRounds "5"]
[EventCountry "DEN"]
[SourceTitle "CBM 210 Extra"]
[Source "ChessBase"]
[SourceDate "2022.11.30"]
[SourceVersion "1"]
[SourceVersionDate "2022.11.30"]
[SourceQuality "1"]

1. d4 d5 2. c4 e6 3. Nc3 a6 4. cxd5 exd5 5. Nf3 Be6 6. g3 Nf6 7. Bg2 c6 8. 0-0 Bd6 9. Ng5 Bf5 10. e4 Nxe4 11. Ngxe4 dxe4 12. Nxe4 Be7 13. Bf4 0-0 14. Qb3 b5 15. Rfd1 Be6 16. Qc2 Bd5 17. Nc3 Bxg2 18. Kxg2 b4 19. Na4 Qd5+ 20. Kg1 Nd7 21. Rac1 Rfc8 22. Qc4 Qb5 23. Re1 Bf8 24. b3 Qd5 25. Re2 Re8 26. Rxe8 Rxe8 27. Qxd5 cxd5 28. Kf1 h6 29. Rc6 Re6 30. Rxe6 fxe6 31. Ke2 Kf7 32. Nb2 g5 33. Be3 e5 34. dxe5 Nxe5 35. Nd3 Nc6 36. Bc5 Bxc5 37. Nxc5 a5 38. Ke3 Kf6 39. f4 Kf5 40. fxg5 hxg5 41. h3 Ke5 42. Nd3+ Kf5 43. Nc5 Ke5 44. h4 gxh4 45. gxh4 Kf5 46. h5 Kg5 47. Ne6+ Kxh5 48. Nf4+ Kg5 49. Nxd5 Kf5 50. Kd3 Ke6 51. Kc4 Ne5+ 52. Kd4 Kd6 53. Nb6 Kc6 54. Nc4 Nxc4 55. Kxc4 1/2-1/2

[Event "DEN-ch U16 rapid"]
[Site "Odense"]
[Date "2022.09.30"]
[Round "4"]
[White "Jarlskov, Daniel Tuk Hartso"]
[Black "Wehding, Anton Bonsvig"]
[Result "1-0"]
[WhiteElo "2177"]
[BlackElo "1660"]
[PlyCount "63"]
[EventDate "2022.09.30"]
[EventType "swiss"]
[EventRounds "5"]
[EventCountry "DEN"]
[SourceTitle "EXT 2024"]
[Source "ChessBase"]
[SourceDate "2023.10.10"]
[SourceVersion "1"]
[SourceVersionDate "2023.10.10"]
[SourceQuality "1"]

1. d4 Nf6 2. c4 e6 3. Nf3 d5 4. g3 Be7 5. Bg2 0-0 6. 0-0 c5 7. cxd5 exd5 8. Nc3 Nc6 9. Bg5 cxd4 10. Nxd4 h6 11. Be3 Be6 12. Rc1 a6 13. Na4 Nxd4 14. Bxd4 Nd7 15. e4 dxe4 16. Bxe4 b5 17. Nc3 Bh3 18. Re1 Rc8 19. Bb7 Rc7 20. Nd5 Rxb7 21. Nxe7+ Kh7 22. Qd3+ f5 23. Rc8 Qa5 24. Bc3 b4 25. Rxf8 Nxf8 26. Qc4 Ne6 27. Rxe6 bxc3 28. Rxh6+ Kxh6 29. Qe6+ Kh7 30. Qg8+ Kh6 31. Qh8+ Kg5 32. Qh4# 1-0

[Event "Koge EMT op 3rd"]
[Site "Koge"]
[Date "2022.04.29"]
[Round "2"]
[White "Jarlskov, Daniel Tuk Hartso"]
[Black "Videbak, Vincent"]
[Result "1-0"]
[WhiteElo "1995"]
[BlackElo "1686"]
[PlyCount "89"]
[EventDate "2022.04.29"]
[EventType "swiss"]
[EventRounds "5"]
[EventCountry "DEN"]
[SourceTitle "CBM 208 Extra"]
[Source "ChessBase"]
[SourceDate "2022.07.31"]
[SourceVersion "1"]
[SourceVersionDate "2022.07.31"]
[SourceQuality "1"]

1. c4 e6 2. d4 d5 3. Nc3 Nf6 4. Bf4 Bd6 5. Bg3 0-0 6. Nf3 b6 7. cxd5 exd5 8. e3 Ba6 9. Bxa6 Nxa6 10. Qa4 Nb4 11. 0-0 Bxg3 12. hxg3 a5 13. a3 Na6 14. b4 c5 15. b5 cxd4 16. exd4 Nc7 17. Ne5 Rc8 18. Rfe1 Re8 19. Re2 Qd6 20. Rae1 Nd7 21. Nc6 Rxe2 22. Rxe2 Re8 23. Qd1 Rxe2 24. Qxe2 Qe6 25. Kf1 Qh6 26. f3 Qc1+ 27. Qe1 Qxa3 28. Ne7+ Kf8 29. Nexd5 Nxd5 30. Nxd5 Qd3+ 31. Qe2 Qxe2+ 32. Kxe2 f6 33. Kd3 Kf7 34. Kc4 Ke6 35. Nc7+ Ke7 36. Kd5 g6 37. Kc6 a4 38. Nd5+ Kd8 39. Nc3 a3 40. f4 f5 41. d5 Nf6 42. Na2 Nd7 43. d6 h6 44. Kb7 g5 45. Nc1 1-0